Power system analysis (Record no. 1347)

000 -LEADER
fixed length control field 00590nam a2200229 a 4500
001 - CONTROL NUMBER
control field 1347
003 - CONTROL NUMBER IDENTIFIER
control field BD-DhUET
008 - FIXED-LENGTH DATA ELEMENTS--GENERAL INFORMATION
fixed length control field 931008s1994 nyua 001 0 eng
020 ## - INTERNATIONAL STANDARD BOOK NUMBER
International Standard Book Number 0070585156
020 ## - INTERNATIONAL STANDARD BOOK NUMBER
International Standard Book Number 0071133380
040 ## - CATALOGING SOURCE
Original cataloging agency DLC
Transcribing agency DLC
Modifying agency BD-DhUET
082 00 - DEWEY DECIMAL CLASSIFICATION NUMBER
Classification number 623.19
Item number GRA/1994
100 1# - MAIN ENTRY--PERSONAL NAME
Personal name Grainger, John J.
245 10 - TITLE STATEMENT
Title Power system analysis
250 ## - EDITION STATEMENT
Edition statement 1st ed.
260 ## - PUBLICATION, DISTRIBUTION, ETC. (IMPRINT)
Place of publication, distribution, etc. New York
Name of publisher, distributor, etc. McGraw-Hill
Date of publication, distribution, etc. 1994
300 ## - PHYSICAL DESCRIPTION
Extent xix, 787 p.
Other physical details ill.
504 ## - BIBLIOGRAPHY, ETC. NOTE
Bibliography, etc Includes bibliographies
650 #0 - SUBJECT ADDED ENTRY--TOPICAL TERM
Topical term or geographic name as entry element Electric power systems-Management
700 1# - ADDED ENTRY--PERSONAL NAME
Personal name Stevenson, William D.
942 ## - ADDED ENTRY ELEMENTS (KOHA)
Koha item type General Book
Holdings
Source of classification or shelving scheme Koha out on loan Price effective from Lost status Koha issues (times borrowed) Koha date last borrowed Sublocation or collection (holding branch) Location (home branch) Piece designation (barcode) Koha item type Damaged status Koha renewals Not for loan Koha normalized classification for sorting Koha full call number Koha date last seen Shelving location Date acquired Withdrawn status Copy number
  2014-09-03 52024-03-04Central Library, BUETCentral Library, BUET103960General Book   623_000000000000000_19GRA1994623.19/GRA/19942024-06-01Circulation section2014-09-03 1
  2014-09-03 12019-05-06Central Library, BUETCentral Library, BUET103961General Book   623_000000000000000_19GRA1994623.19/GRA/19942020-01-14Circulation section2014-09-03 2
  2014-09-03 32025-07-13Central Library, BUETCentral Library, BUET103962General Book 1 623_000000000000000_19GRA1994623.19/GRA/19942025-11-03Circulation section2014-09-03 3
  2014-09-03 12019-10-21Central Library, BUETCentral Library, BUET103963General Book   623_000000000000000_19GRA1994623.19/GRA/19942025-04-22Circulation section2014-09-03 4
 2023-12-112014-09-03 12023-11-27Central Library, BUETCentral Library, BUET103964General Book   623_000000000000000_19GRA1994623.19/GRA/19942023-11-27Circulation section2014-09-03 5
  2014-09-03   Central Library, BUETCentral Library, BUET103965General Book   623_000000000000000_19GRA1994623.19/GRA/19942016-01-26Circulation section2014-09-03 6
  2014-09-03 12021-02-13Central Library, BUETCentral Library, BUET103966General Book 2 623_000000000000000_19GRA1994623.19/GRA/19942021-12-13Circulation section2014-09-03 7
 2023-02-062014-09-03 22022-02-06Central Library, BUETCentral Library, BUET103967General Book   623_000000000000000_19GRA1994623.19/GRA/19942022-02-06Circulation section2014-09-03 8
 2025-05-172014-09-03 52025-05-03Central Library, BUETCentral Library, BUET103968General Book   623_000000000000000_19GRA1994623.19/GRA/19942025-05-03Circulation section2014-09-03 9
  2015-06-21   Central Library, BUETCentral Library, BUET89529Reading Item   623_190000000000000_GRA_1994623.19/GRA/19942015-06-21Reading section2015-06-21 10
  2015-06-21   Central Library, BUETCentral Library, BUET91138Reading Item   623_190000000000000_GRA_1994623.19/GRA/19942015-06-21Reading section2015-06-21 11
  2015-07-02   Central Library, BUETCentral Library, BUET90777Reading Item   623_190000000000000_GRA_1994623.19/GRA/19942015-07-02Reading section2015-07-02 12